Realms of memory (Registro nro. 184595)
[ vista simple ]
| 000 -ENCABEZADO | |
|---|---|
| Número de control [NR] | 01298cam a2200313 a 4500 |
| 005 - FECHA Y HORA DE LA ÚLTIMA TRANSACCIÓN | |
| control field | 20140903175027.0 |
| 008 - DE LONGITUD FIJA DE DATOS DE ELEMENTOS - INFORMACIÓN GENERAL | |
| Elementos de longitud fija [NR] | 060824s1998 xxuao frn 001 0 eng d |
| 020 ## - NUMERO INTERNACIONAL NORMALIZADO PARA LIBROS [R] | |
| Número Internacional Normalizado del libro [NR] | 0231084048 |
| 040 ## - FUENTE DE CATALOGACION [NR] | |
| Agencia de catalogación original [NR] | CO-BoUCM |
| Quien Cataloga | |
| Quien Clasifica | Diana Londoño |
| Idioma de catalogación [NR] | spa |
| 041 1# - CODIGO DE IDIOMA [R] | |
| Código de idioma para texto/pista de sonido o título separado [R] | Inglés |
| Language code of original and/or intermediate translations of text | fre |
| 245 00 - MENCION DE TITULO [NR] | |
| Título [NR] | Realms of memory |
| Parte restante del título [NR] | the construction of the french past |
| Mención de responsabilidad, etc. [NR] | dirección de Pierre Nora ; edición de Lawrence D. Kritzman ; traducción Arthur Goldhammer |
| 260 ## - PUBLICACION, DISTRIBUCION, ETC. (PIE DE IMPRENTA) [R] | |
| Lugar de publicación, distribución, etc. [R] | New York (Estados Unidos) |
| Nombre del editor, distribuidor, etc. [R] | Columbia University Press |
| Fecha de publicación, distribución, etc. [R] | 1998 |
| 300 ## - DESCRIPCION FISICA [R] | |
| Extensión [R] | 3 volúmenes |
| Otros detalles físicos [NR] | ilustraciones y fotos |
| 490 0# - MENCION DE SERIE [R] | |
| Mención de serie [R] | European perspectives |
| 504 ## - NOTA DE BIBLIOGRAFIA, ETC. [R] | |
| Nota de bibliografía, etc. [NR] | Incluye referencias bibliográficas e índices |
| 505 0# - NOTA DE CONTENIDO CON FORMATO PREESTABLECIDO [R] | |
| Información miscelánea [R] | V. 1 |
| State manifest and birth record (1764-1977). | Conflicts and divisions |
| Información miscelánea [R] | V. 2 |
| State manifest and birth record (1764-1977). | Traditions |
| Información miscelánea [R] | V. 3 |
| State manifest and birth record (1764-1977). | Simbols |
| 650 ## - ASIENTO SECUNDARIO DE MATERIA - TERMINO TEMATICO [R] | |
| Término temático o nombre geográfico como elemento de entrada [NR] | Características nacionales |
| 9 (RLIN) | 7373 |
| Subdivisión general [R] | Historia |
| Subdivisión geográfica [R] | Francia |
| 650 24 - ASIENTO SECUNDARIO DE MATERIA - TERMINO TEMATICO [R] | |
| Término temático o nombre geográfico como elemento de entrada [NR] | Nacionalismo |
| Subdivisión geográfica [R] | Francia |
| 9 (RLIN) | 56256 |
| 650 24 - ASIENTO SECUNDARIO DE MATERIA - TERMINO TEMATICO [R] | |
| Término temático o nombre geográfico como elemento de entrada [NR] | Simbolismo |
| 9 (RLIN) | 24414 |
| 651 #4 - ASIENTO SECUNDARIO DE MATERIA - NOMBRE GEOGRAFICO [R] | |
| Nombre geográfico [NR] | Francia |
| Subdivisión general [R] | Características nacionales |
| 9 (RLIN) | 56258 |
| 651 #4 - ASIENTO SECUNDARIO DE MATERIA - NOMBRE GEOGRAFICO [R] | |
| Nombre geográfico [NR] | Francia |
| Subdivisión general [R] | Civilización |
| 9 (RLIN) | 56257 |
| 690 ## - ASUNTO AGREGADO LOCAL DE ENTRADA - TÉRMINO TEMÁTICO (OCLC, RLIN) | |
| 9 (RLIN) | 42846 |
| Acceso temático local | Historia de Europa |
| 700 1# - ASIENTO SECUNDARIO - NOMBRE PERSONAL [R] | |
| Nombre personal [NR] | Goldhammer, Arthur |
| Término de relación [R] | traductor |
| 9 (RLIN) | 56261 |
| 700 1# - ASIENTO SECUNDARIO - NOMBRE PERSONAL [R] | |
| Nombre personal [NR] | Kritzman, Lawrence D. |
| Término de relación [R] | editor |
| 9 (RLIN) | 56260 |
| 700 1# - ASIENTO SECUNDARIO - NOMBRE PERSONAL [R] | |
| Nombre personal [NR] | Nora, Pierre |
| Término de relación [R] | director |
| 9 (RLIN) | 56259 |
| 765 0# - ASIENTO DE IDIOMA ORIGINAL [R] | |
| Título [NR] | Lieux de mémoire |
| 942 ## - ELEMENTOS DE ENTRADA AGREGADOS (KOHA) | |
| Tema principal | Historia |
| Tipo de ítem principal el descrito en 300a | Libro |
| Edición | 1 |
| Parte restante de la signatura top. | R288 |
| Sistema de clasificación | DEWEY |
| Clasificación | 944 |
| Total préstamos | Signatura topográfica | Código de barras | Última vez visto | Volúmen / Fascículo | Ejemplar | Costo de reposición | Price effective from | Tipo de ítem | Perdido | Sistema de clasificación | Dañado | No prestable | Tipo de ítem específico | Suprimido | Ubicación habitual | Ubicación actual | Localización | Fecha de creación | Proveedor | Forma de adquisición | Costo | Fecha de último préstamo |
|---|---|---|---|---|---|---|---|---|---|---|---|---|---|---|---|---|---|---|---|---|---|---|
| 944 R288 | 100140230 | 09/12/2025 | V.2 | Ej.1 | 110200.00 | 20/01/2014 | Libro | DEWEY | Libro | Claustro | Claustro | 2do piso | 20/01/2014 | 15 | Compra | 110200.00 | ||||||
| 1 | 944 R288 | 100140254 | 09/12/2025 | V.3 | Ej.1 | 110500.00 | 20/01/2014 | Libro | DEWEY | Libro | Claustro | Claustro | 2do piso | 20/01/2014 | 15 | Compra | 110500.00 | 24/05/2019 | ||||
| 944 R288 | 100140456 | 09/12/2025 | V.1 | Ej.1 | 111400.00 | 10/02/2014 | Libro | DEWEY | Libro | Claustro | Claustro | 2do piso | 10/02/2014 | 15 | Compra | 111400.00 |